00748 a2200193 45000010006000000050017000060080041000230030015000640400040000790800095001192450043002142640028002573000019002855050166003040410008004701000020004787000021004987000035005195424620260407155813.0260407a1961 arg spa dAR-UNSa-BCEJYS aAR-UNSa-BCEJYSbspacAR-UNSa-BCEJYS a330.8xHistoria de las teorías, Doctrinas, Dogmas económicos (pensamiento económico)10aHistoria de las doctrinas económicas 1aMadrid :bAguilarc1961 a643 p.c22 cm. a1. Edad antigua y edad media - 2. El mercantilismo - 3. La fisiocracia - 4. La escuela liberal - 5. el socialismo en los siglos XIX y XX - 6. Escuelas realistas  aspa1 aGonnard, René1 aCampo Moreno, J.1 aRodríguez Mellado, Inocencia